Boletn̕ oficial del Principado de Asturias

Detalles Bibliográficos
Autores Corporativos: Asturias. Gobierno, Asturias (Comunidad Autn̤oma). Consejera̕ de la Presidencia
Formato: Desconocido
Lenguaje:español
Publicado: Oviedo : Gobierno del Principado de Asturias, Consejera̕ de la Presidencia
Materias:
Acceso en línea:Acceso restringido

MARC

LEADER 00000ny a22000003n 4500
005 2011051008438.0
008 100312c1992 sp qr l s000 b0spa
022 0 |a 1579-4180 
035 |a 227 
040 |a SpMaBN  |b spa  |c SpMaBN  |e rdc  |d vLex 
090 |c 1552  |d 1552 
110 1 |a Asturias.  |b Gobierno 
245 1 0 |a Boletn̕ oficial del Principado de Asturias  |h [Recurso electrn̤ico] 
246 1 |a BOPA 
256 |a Servicio en ln̕ea 
260 |a Oviedo :  |b Gobierno del Principado de Asturias, Consejera̕ de la Presidencia 
310 |a Trimestral 
650 0 4 |a Autonoma̕ local  |x Derecho  |x Legislacin̤ 
710 1 |a Asturias (Comunidad Autn̤oma).  |b Consejera̕ de la Presidencia 
740 0 |a vLex Revista (Servicios en ln̕ea) 
843 |a Electrn̤ica. Abierta 
853 |8 1  |i (year)  |j (month)  |k (day) 
856 4 0 |z Acceso restringido  |u http://vlex.com/account/login_ip?fuente_id=227  
942 |c REV 
999 7 |a Derecho autonm̤ico  |z Asturias (Comunidad Autn̤oma)